000 00631nam a2200181 a 4500
008 060316s1982 ||||||||||||||||| || u
020 _a0442284195
050 _aT 385 Kat
100 _aKatzan, Harry
245 1 0 _aMicrocomputer graphics and programming techniques
260 _aNew York :
_bVan Nostrand Reinhold
_c1982
300 _aix, 229 p. : ill.
350 _a0.00
500 _aIncludes Bibliography
650 _aMICROCOMPUTERS
650 0 _aCOMPUTER GRAPHICS
995 _D0.00
_FCBU-MAIN LIBRARY (Kitwe)
_H1
_I0.00
_M1
_UAVAILABLE
_ZMain Library Open Access Collection
999 _c51098
_d51098